LEADER 03356nam 2200625 450 001 9910790759503321 005 20200520144314.0 010 $a0-253-01139-6 010 $a0-253-01150-7 035 $a(CKB)2550000001166564 035 $a(EBL)1572122 035 $a(OCoLC)864744479 035 $a(SSID)ssj0001081852 035 $a(PQKBManifestationID)12415016 035 $a(PQKBTitleCode)TC0001081852 035 $a(PQKBWorkID)11090730 035 $a(PQKB)10124920 035 $a(MdBmJHUP)muse33670 035 $a(Au-PeEL)EBL1572122 035 $a(CaPaEBR)ebr10814563 035 $a(CaONFJC)MIL547923 035 $a(MiAaPQ)EBC1572122 035 $a(EXLCZ)992550000001166564 100 $a20131219d2014 uy 0 101 0 $aeng 135 $aur|n|---||||| 181 $ctxt 182 $cc 183 $acr 200 14$aThe golden wave $eculture and politics after Sri Lanka's tsunami disaster /$fMichele Ruth Gamburd 210 1$aBloomington, Indiana :$cIndiana University Press,$d2014. 210 4$dİ2014 215 $a1 online resource (234 p.) 300 $aDescription based upon print version of record. 311 $a0-253-01138-8 311 $a1-306-16672-1 320 $aIncludes bibliographical references and index. 327 $aCover; Contents; Acknowledgments; Abbreviations, Names, and Sinhala Terms; Introduction: Political Ethnography of Disaster; Wijitha's Story; 1 That Day: Chaos and Solidarity; Dr. Priyanka's Story; 2 Deaths: Fate and Vulnerability; Pradeep and Manoj's Story; 3 Short-Term Camps: Chaos and the Crafting of Order; Sumendra's Story; 4 Housing: Temporary Shelters, Permanent Homes, and the Buffer Zone; Lalitha's Story; 5 Dangerous Liaisons: The Power, Peril, and Politics of Mediating between Donors and Recipients; Jagath's Story; 6 Business Recovery: Tourism and Construction; Dayawansa's Story 327 $a7 Reconstructing Class: Discourse on Theft, Loot, Cheating, and GiftsFazmina's Story; 8 The Politics of Corruption: Accusations and Rebuttals; Tharindu's Story; 9 Citizenship and Ethnicity: The Tsunami and the Civil War; Conclusion; Notes; References; Index; A; B; C; D; E; F; G; H; I; J; K; L; M; N; O; P; R; S; T; U; V; W 330 $aIn December 2004 the Indian Ocean tsunami devastated coastal regions of Sri Lanka. Six months later, Michele Ruth Gamburd returned to the village where she had been conducting research for many years and began collecting residents' stories of the disaster and its aftermath: the chaos and loss of the flood itself; the sense of community and leveling of social distinctions as people worked together to recover and regroup; and the local and national politics of foreign aid as the country began to rebuild. In The Golden Wave, Gamburd describes how the catastrophe changed social identities, econ 606 $aDisaster relief$zSri Lanka 606 $aTsunamis$zSri Lanka 607 $aSri Lanka$xSocial conditions$y21st century 607 $aSri Lanka$xPolitics and government$y21st century 615 0$aDisaster relief 615 0$aTsunamis 676 $a363.34988095493 700 $aGamburd$b Michele Ruth$f1965-$01471999 801 0$bMiAaPQ 801 1$bMiAaPQ 801 2$bMiAaPQ 906 $aBOOK 912 $a9910790759503321 996 $aThe golden wave$93861833 997 $aUNINA LEADER 02880oas 2201105 a 450 001 9910141848003321 005 20251105213014.0 011 $a1557-4679 035 $a(DE-599)ZDB2239443-6 035 $a(DE-599)2239443-6 035 $a(OCoLC)61310760 035 $a(CONSER) 2005214239 035 $a(CKB)2670000000395097 035 $a(EXLCZ)992670000000395097 100 $a20050822a20059999 sy a 101 0 $aeng 135 $aurcnu|||||||| 181 $ctxt$2rdacontent 182 $cc$2rdamedia 183 $acr$2rdacarrier 200 04$aThe international journal of biostatistics 210 $aBerkeley, CA $cBerkeley Electronic Press$dİ2005- 210 3 $aBerlin $cWalter de Gruyter 215 $a1 online resource 300 $aRefereed/Peer-reviewed 300 $aTitle from journal home page (publisher's Web site, viewed Aug. 22, 2005). 300 $a"Articles are published as soon as they are ready." 311 08$a2194-573X 531 10$aInt J Biostat 606 $aBiometry$vPeriodicals 606 $aMedical statistics$vPeriodicals 606 $aBiometry$xMethodology$vPeriodicals 606 $aBiometry 606 $aBiometry 606 $aBiome?trie$vPe?riodiques 606 $aStatistique me?dicale$vPe?riodiques 606 $aBiome?trie$xMe?thodologie$vPe?riodiques 606 $aBiome?trie 606 $abiometrics$2aat 606 $aBiometry$2fast$3(OCoLC)fst00832611 606 $aMedical statistics$2fast$3(OCoLC)fst01014672 608 $aPeriodical. 608 $aFulltext. 608 $aInternet Resources. 608 $aPeriodicals. 608 $aPeriodicals.$2fast 608 $aPeriodicals.$2lcgft 615 0$aBiometry 615 0$aMedical statistics 615 0$aBiometry$xMethodology 615 0$aBiometry. 615 12$aBiometry. 615 6$aBiome?trie 615 6$aStatistique me?dicale 615 6$aBiome?trie$xMe?thodologie 615 6$aBiome?trie. 615 7$abiometrics. 615 7$aBiometry. 615 7$aMedical statistics. 676 $a574 801 0$bDLC 801 1$bDLC 801 2$bDLC 801 2$bGUA 801 2$bDLC 801 2$bCLU 801 2$bOCLCQ 801 2$bNLM 801 2$bMUQ 801 2$bCUS 801 2$bOCLCQ 801 2$bAU@ 801 2$bOCLCQ 801 2$bNLM 801 2$bOCLCO 801 2$bOCLCQ 801 2$bDLC 801 2$bOCLCQ 801 2$bOCLCF 801 2$bOCLCQ 801 2$bCASUM 801 2$bOCLCO 801 2$bOCLCA 801 2$bUAB 801 2$bOCLCQ 801 2$bOCLCO 801 2$bOCLCQ 801 2$bUBY 801 2$bAUD 801 2$bOCLCL 801 2$bOCLCQ 906 $aJOURNAL 912 $a9910141848003321 996 $aThe international journal of biostatistics$92421175 997 $aUNINA